| 000 | 01273nam a22003617a 4500 | ||
|---|---|---|---|
| 999 |
_c28001 _d27972 |
||
| 003 | EG-ScBUE | ||
| 005 | 20200210091642.0 | ||
| 008 | 200208t2019 nyua f b 001 0 eng d | ||
| 020 | _a9781260288391 | ||
| 020 | _a1260288390 | ||
| 040 |
_aEG-ScBUE _beng _erda _cEG-ScBUE _dEG-ScBUE |
||
| 082 | 0 | 4 |
_a332.6 _bBOD _222 |
| 100 | 1 |
_aBodie, Zvi, _eauthor. |
|
| 245 | 1 | 0 |
_aEssentials of investments / _cZvi Bodie, Boston University, Alex Kane, University of California, Sa Diego, Alan J. Marcus, Boston College. |
| 246 | _nEleventh edition. | ||
| 246 | _nInternational student edition. | ||
| 264 | 1 |
_aNew York, NY : _bMcGraw Hill Education, _c[2019] |
|
| 264 | 4 | _cc2019 | |
| 300 |
_axxvi, 739 pages : _bcolor illustrations ; _c30 cm. |
||
| 336 |
_2rdacontent _atext _btxt |
||
| 337 |
_2rdamedia _aunmediated _bn |
||
| 338 |
_2rdacarrier _avolume _bnc |
||
| 490 | 0 | _aMcGraw-Hill/Irwin series in finance, insurance, and real estate | |
| 500 | _aIncludes appendices. | ||
| 504 | _aIncludes bibliographical references and index. | ||
| 650 | 7 |
_aInvestments. _2BUEsh |
|
| 653 |
_bBUSADM _cFebruary2020 |
||
| 655 | _vReading book | ||
| 700 | 1 |
_aKane, Alex, _d1942- _eauthor. |
|
| 700 | 1 |
_aMarcus, Alan J., _eauthor. _99028 |
|
| 942 |
_2ddc _cBB |
||